|
|
|
|
| LEADER |
00000nam0a2200000 4500 |
| 001 |
291083 |
| 005 |
20231102000342.0 |
| 020 |
|
|
|a RU
|b 83-88899
|
| 035 |
|
|
|a (RuTPU)RU\TPU\book\315645
|
| 090 |
|
|
|a 291083
|
| 100 |
|
|
|a 20150410d1983 k y0rusy5003 ca
|
| 101 |
0 |
|
|a rus
|
| 102 |
|
|
|a RU
|
| 105 |
|
|
|a a z 001zy
|
| 200 |
1 |
|
|a Экспериментальные методы в строительной механике
|f А. Б. Злочевский
|
| 210 |
|
|
|a Москва
|c Стройиздат
|d 1983
|
| 215 |
|
|
|a 192 с.
|c ил.
|
| 320 |
|
|
|a Библиография: с. 189-191
|
| 606 |
|
|
|a Строительная механика
|2 stltpush
|3 (RuTPU)RU\TPU\subj\57240
|9 75102
|
| 610 |
1 |
|
|a механическое моделирование
|
| 610 |
1 |
|
|a средства измерений
|
| 610 |
1 |
|
|a методы
|
| 610 |
1 |
|
|a характеристики
|
| 610 |
1 |
|
|a оценка
|
| 610 |
1 |
|
|a информационно-измерительные системы
|
| 610 |
1 |
|
|a кинетика
|
| 610 |
1 |
|
|a упругопластическая деформация
|
| 610 |
1 |
|
|a усталостная долговечность
|
| 675 |
|
|
|a 624.04
|v 3
|
| 700 |
|
1 |
|a Злочевский
|b А. Б.
|g Анатолий Борисович
|
| 801 |
|
0 |
|a RU
|b RuMRKP
|c 19950704
|g psbo
|
| 801 |
|
1 |
|a RU
|b 63413507
|c 20150410
|
| 801 |
|
2 |
|a RU
|b 63413507
|c 20180419
|g RCR
|
| 942 |
|
|
|c BK
|